जिंदगी का जायजा/ (Record no. 66931)
[ view plain ]
| 000 -LEADER | |
|---|---|
| fixed length control field | 00576nam a22001577a 4500 |
| 005 - DATE AND TIME OF LATEST TRANSACTION | |
| control field | 20120521101714.0 |
| 020 ## - INTERNATIONAL STANDARD BOOK NUMBER | |
| International Standard Book Number | 9788188466 |
| Terms of availability | 180.00 |
| 082 ## - DEWEY DECIMAL CLASSIFICATION NUMBER | |
| Classification number | 821 |
| 100 ## - MAIN ENTRY--PERSONAL NAME | |
| Personal name | सादिक |
| 245 ## - TITLE STATEMENT | |
| Title | जिंदगी का जायजा/ |
| Statement of responsibility, etc | सादिक |
| 260 ## - PUBLICATION, DISTRIBUTION, ETC. (IMPRINT) | |
| Place of publication, distribution, etc | दिल्ली |
| Name of publisher, distributor, etc | अमरसत्य प्रकाशन |
| Date of publication, distribution, etc | 2012 |
| 270 ## - ADDRESS | |
| Address | 109, ब्लृाक-बी, प्रीत विहार |
| Postal code | 110092 |
| 300 ## - PHYSICAL DESCRIPTION | |
| Extent | 112 पृ. |
| Dimensions | 22 सेंमीं (सजिल्द) |
| 942 ## - ADDED ENTRY ELEMENTS (KOHA) | |
| Source of classification or shelving scheme | Dewey Decimal Classification |
| Item type | Hindi Books |
| Classification part | 821 |
| Call number suffix | सादिक |
No items available.
